Guidelines for forest formulation

Bibliographic Details
Main Author: HUSCH 1923-
Corporate Author: Food and Agriculture Organization of the United Nations (FAO)
Format: Book
Published: Rome : Food and Agriculture Organization of the United Nations , 1987
Series:FAO forestry paper ; 81
Subjects:

MARC

LEADER 00000cam a2200000 7i4500
001 0000000947
005 20140323.0
020 0 0 |a 9251026300 
090 0 0 |a FAO333.75   |b HUS 1987 
100 1 0 |a HUSCH   |h Bertram   |c 1923- 
245 1 0 |a Guidelines for forest formulation   |c Bertram Husch 
260 0 0 |a Rome :   |b Food and Agriculture Organization of the United Nations ,   |c 1987 
300 |a v, 86 p. ;   |c 30 cm. 
440 0 0 |a FAO forestry paper ; 81 
500 0 0 |a Bibliography; [p. 84-86] 
650 0 0 |a Forest policy 
710 1 1 |a Food and Agriculture Organization of the United Nations (FAO) 
999 |a 0000001976   |b Monograph   |c Reference   |e Default branch